00643 2200241 4500001002100000005001700021008004100038020002200079035002400101040001200125082001200137084001800149090001800167100001800185245003500203250001800238260003300256300002900289504003100318650001800349850001200367990002200379INLIS00000000002516120170131103931.0  a978-602-6948-07-6 0010-011700000000661 aYOPDYOG 223a539 aDEP 539 Agu F aDEP 539 Agu F aAGUS PURWANTO aFisika kuantumc/Agus Purwanto aEd. 2, Cet. 1 aYogyakartabGava Mediac2016 aviii, 324 hlm.c; 23 cm. aBibliografi : hlm. 323-324 aFisika modern aYOPDYOG aCB-D.11/2016-1107